000 00571nam a2200193Ia 4500
003 GCL
008 140319s9999 xx 000 0 ara d
040 _aGCL /
_cGCL
082 0 4 _aق
_b962.05
_bم ى
100 1 _aمحمد محمود باشا
245 1 0 _aاليد القوية خطب وأحاديث /
_cمحمد محمود باشا
300 _a273
490 _aكتاب
_v0
650 0 4 _aمصر
650 0 4 _aالاحوال السياسية
650 0 4 _aالملك فؤاد
650 0 4 _aمصر - حزب الاحرار الدستوريين
942 _2ddc
_cBK
999 _c43173
_d43173